000 00517nam a2200169Ia 4500
008 090201s9999 xx 000 0 und d
010 _aKPL-58653
040 _bमराठी
041 _aमराठी
082 _a6022
_b58653
100 _aगोविंद केळकर
245 _aदुभंग
_cगोविंद केळकर
260 _c2004
_bराजेंद्र पब्लिकेशन्स
300 _a204
_bमोठा
600 _aदुभंग
942 _cBOOK
999 _c206873
_d206873